000 00619cam a22002171 4500
001 sa 63000648
003 DLC
005 20260227111922.0
008 850520s1960 pk 000 0 eng
010 _asa 63000648
035 _a(OCoLC)12056139
040 _aDLC
_cCSdS
_dDLC
042 _apremarc
050 0 0 _aPK1702
_b.A8
100 1 _aAshraf, Syed Ali.
245 1 0 _aMuslim traditions in Bengali literature.
260 _a[Karachi]
_bBenglai Literary Society, Karachi University
_c[1960]
300 _a83 p.
_c18 cm.
650 0 _aBengali literature
_xHistory and criticism.
650 0 _aIslam in literature.
999 _c53559
_d53559